17 idiomas em 4 minutos - Statistics

Estatísticas Gerais
  • Esse quiz foi jogado 290 vezes
  • A pontuação média é 7 de 17
Estatísticas das Respostas
Hint Resposta % Correto
Don't wait for a crisis to find out what's important in your life. Inglês
82%
لا تنتظر حدوث أزمة لمعرفة ما هو مهم في حياتك. Árabe
76%
あなたの人生で何が重要かを知るために危機を待たないでください。 Japones
74%
당신의 인생에서 무엇이 중요한지 알기 위해 위기를 기다리지 마십시오. Coreano
73%
不要等到危機發生時才發現什麼對你的生活很重要。 Mandarim
69%
N'attendez pas une crise pour découvrir ce qui est important dans votre vie. Francês
68%
אל תחכו למשבר כדי לגלות מה חשוב בחייכם. Hebraico
65%
Не чекайте кризи, щоб дізнатися, що є важливим у вашому житті. Ucraniano
53%
Noli exspectare discrimen ad cognoscendum quid momenti in vita tua. Latim
52%
No esperis a una crisi per descobrir què és important a la teva vida. Catalão
34%
Non esperes a unha crise para descubrir o que é importante na túa vida. Galego
23%
ნუ დაელოდებით კრიზისს, რათა გაარკვიოთ რა არის მნიშვნელოვანი თქვენს ცხოვრებაში. Georgiano
18%
Մի սպասեք ճգնաժամի՝ պարզելու համար, թե ինչն է կարևոր ձեր կյանքում: Armênio
11%
Huwag maghintay para sa isang krisis upang malaman kung ano ang mahalaga sa iyong buhay. Filipino
10%
Таны амьдралд юу чухал болохыг олж мэдэхийн тулд хямралыг хүлээх хэрэггүй. Mongol
8%
Na bi a’ feitheamh ri èiginn gus faighinn a-mach dè a tha cudromach nad bheatha. Gaélico
6%
د بحران انتظار مه کوئ ترڅو ومومئ چې ستاسو په ژوند کې څه مهم دي. Pashto
5%
Nenhum quiz correspondente encontrado
Distribuição das Pontuações
Porcentagem de Pessoas com Cada Pontuação
Percentil de Números Respondidos
Sua Pontuação Histórica
Você não jogou esse quiz